A Példakép Alapítvány, mint civil vállalkozás szerepe a magyar vállalkozói kultúra megteremtésében

Bibliográfiai részletek
Szerző: Iklódi Dóra
További közreműködők: Katz György
Dokumentumtípus: Diplomadolgozat
Kulcsszavak:Kisvállalkozás
Nonprofit
Alapítvány
Vállalkozói kultúra
Példakép Alapítvány
Online Access:http://dolgozattar.uni-bge.hu/544

MARC

LEADER 00000nta a2200000 i 4500
001 dolg544
005 20150422092446.0
008 141203suuuu hu om 000 hun d
040 |a BGE Dolgozattár Repozitórium  |b hun 
041 |a hu 
100 1 |a Iklódi Dóra 
245 1 2 |a A Példakép Alapítvány, mint civil vállalkozás szerepe a magyar vállalkozói kultúra megteremtésében  |c Iklódi Dóra  |h [elektronikus dokumentum] 
695 |a Kisvállalkozás 
695 |a Nonprofit 
695 |a Alapítvány 
695 |a Vállalkozói kultúra 
695 |a Példakép Alapítvány 
700 1 |a Katz György  |e ths 
856 4 0 |u http://dolgozattar.uni-bge.hu/544/7/Iklodi_Dora_szakdolgozat_2014.pdf  |z Dokumentum-elérés